[Event "Titled Tuesday intern op 02nd Apr Early"]
[Site "Chess.com INT"]
[Date "2024.04.02"]
[Round "9"]
[White "Goltseva, Ekaterina"]
[Black "Bambino Filho, Antonio Carlos"]
[Result "1/2-1/2"]
[WhiteElo "2304"]
[BlackElo "2169"]
[PlyCount "137"]
[EventDate "2024.04.02"]
[EventType "swiss (blitz)"]
[EventRounds "11"]
[EventCountry "USA"]
[SourceTitle "CB15_2024"]
[SourceDate "2024.04.10"]
[SourceVersion "1"]
[SourceVersionDate "2024.04.10"]
[SourceQuality "1"]

1. c4 c5 2. Nf3 Nc6 3. g3 e5 4. Bg2 g6 5. Nc3 Bg7 6. 0-0 Nge7 7. e3 0-0 8. d3 d6 9. Rb1 h6 10. a3 f5 11. Nd2 Be6 12. b4 Rb8 13. Nd5 Qd7 14. f4 Bf7 15. Bb2 cxb4 16. Nxb4 Nxb4 17. axb4 Rfd8 18. Qe2 exf4 19. Bxg7 Kxg7 20. exf4 d5 21. c5 a6 22. Nf3 Nc6 23. Ne5 Qe6 24. Rfe1 Re8 25. Qb2 Qf6 26. d4 Be6 27. Qc3 Nxe5 28. Rxe5 Bf7 29. Rbe1 Rxe5 30. dxe5 Qe6 31. Rd1 Rd8 32. Qd4 Kg8 33. h3 Qc6 34. Kh2 Be6 35. Bf1 Qa4 36. Rb1 a5 37. Bg2 Kg7 38. Qd2 axb4 39. Rxb4 Qc6 40. Rb6 Qc8 41. Qb2 Kf7 42. Rxb7+ Rd7 43. Rxd7+ Qxd7 44. Qb6 d4 45. c6 Qc8 46. Qxd4 Ke8 47. Qd6 Kf7 48. c7 Ke8 49. Bc6+ Kf7 50. Qd8 g5 51. fxg5 hxg5 52. h4 f4 53. Be8+ Kg7 54. Qxg5+ Kf8 55. Bc6 fxg3+ 56. Kxg3 Qxc7 57. Qf6+ Qf7 58. Bf3 Qxf6 59. exf6 Kf7 60. Bg4 Kxf6 61. Bxe6 Kxe6 62. Kg4 Kf7 63. Kg5 Kg8 64. Kh6 Kh8 65. Kg6 Kg8 66. h5 Kh8 67. h6 Kg8 68. h7+ Kh8 69. Kh6 1/2-1/2

[Event "Titled Tuesday intern op 02nd Apr Early"]
[Site "Chess.com INT"]
[Date "2024.04.02"]
[Round "5"]
[White "Goltseva, Ekaterina"]
[Black "Stillger, Bernhard"]
[Result "1-0"]
[WhiteElo "2304"]
[BlackElo "2256"]
[PlyCount "57"]
[EventDate "2024.04.02"]
[EventType "swiss (blitz)"]
[EventRounds "11"]
[EventCountry "USA"]
[SourceTitle "CB15_2024"]
[SourceDate "2024.04.10"]
[SourceVersion "1"]
[SourceVersionDate "2024.04.10"]
[SourceQuality "1"]

1. d4 d5 2. c4 c6 3. cxd5 cxd5 4. Bf4 Nc6 5. e3 Nf6 6. Nc3 Bf5 7. Qb3 Na5 8. Qa4+ Bd7 9. Qc2 e6 10. Bd3 Rc8 11. Nf3 Be7 12. h3 0-0 13. 0-0 b5 14. Qe2 b4 15. Nb1 Ne4 16. Nbd2 f5 17. Ne5 Be8 18. f3 Nxd2 19. Qxd2 Nc6 20. Ba6 Nxe5 21. Bxc8 Nxf3+ 22. Rxf3 Qxc8 23. Rc1 Qa6 24. b3 Bb5 25. Be5 Bh4 26. Rc7 Rf7 27. Qc1 Bf6 28. Rxf7 Kxf7 29. Qc7+ 1-0

[Event "Swiss Queens Wed #7"]
[Site "FIDE Online Arena INT"]
[Date "2024.03.13"]
[Round "5"]
[White "Ambartsumova, Karina"]
[Black "Goltseva, Ekaterina"]
[Result "0-1"]
[WhiteElo "2418"]
[BlackElo "2286"]
[PlyCount "148"]
[EventDate "2024.03.13"]
[EventType "swiss (blitz)"]
[EventRounds "11"]
[EventCountry "NET"]
[SourceTitle "CB12_2024"]
[SourceDate "2023.10.01"]
[SourceVersion "1"]
[SourceVersionDate "2023.10.01"]
[SourceQuality "1"]

1. d4 d5 2. c4 e6 3. Nc3 c5 4. cxd5 cxd4 5. Qa4+ Bd7 6. Qxd4 exd5 7. Qxd5 Nf6 8. Qd1 Bb4 9. Bd2 0-0 10. Nf3 Bxc3 11. Bxc3 Ne4 12. Qd4 Nxc3 13. Qxc3 Qe7 14. e3 Rc8 15. Qd2 Rd8 16. Be2 Bb5 17. Nd4 Bxe2 18. Qxe2 Qb4+ 19. Qd2 Qc4 20. Qc3 Qa6 21. f3 Nd7 22. Kf2 Rac8 23. Qd2 Ne5 24. Rhd1 Qh6 25. Kg1 Qg6 26. Kh1 h5 27. Qf2 Nd3 28. Qe2 Ne5 29. h3 h4 30. f4 Nc4 31. Rac1 Nd6 32. Rxc8 Rxc8 33. Qf3 Ne4 34. Kh2 Re8 35. f5 Qd6+ 36. Qf4 Qxf4+ 37. exf4 Rd8 38. Kg1 Ng3 39. Kf2 Nxf5 40. Rc1 Rxd4 41. Rc8+ Kh7 42. Rc7 Rxf4+ 43. Ke2 Rb4 44. b3 Kg6 45. Kd3 Nd6 46. Rd7 Rb6 47. Kd4 Kf6 48. Kd5 Nf5 49. Ke4 Ke6 50. Rd1 g5 51. Kf3 Nd6 52. Re1+ Kf6 53. Rd1 Rc6 54. Rd3 Nf5 55. Rd5 Rd6 56. Rb5 b6 57. Kg4 Rd4+ 58. Kf3 Rd3+ 59. Ke2 Nd4+ 60. Kxd3 Nxb5 61. Kc4 Nc7 62. a4 Ke5 63. Kb4 f5 64. a5 g4 65. axb6 axb6 66. Kc4 gxh3 67. gxh3 f4 68. Kd3 Kf5 69. Ke2 Ke4 70. Kf2 f3 71. b4 Nd5 72. b5 Nc3 73. Kf1 Nxb5 74. Kf2 Nd4 0-1

[Event "Swiss Queens Wed #7"]
[Site "FIDE Online Arena INT"]
[Date "2024.03.13"]
[Round "1"]
[White "Tripurambika, V."]
[Black "Goltseva, Ekaterina"]
[Result "0-1"]
[WhiteElo "1626"]
[BlackElo "2286"]
[PlyCount "58"]
[EventDate "2024.03.13"]
[EventType "swiss (blitz)"]
[EventRounds "11"]
[EventCountry "NET"]
[SourceTitle "CB12_2024"]
[SourceDate "2023.10.01"]
[SourceVersion "1"]
[SourceVersionDate "2023.10.01"]
[SourceQuality "1"]

1. d4 d5 2. Nc3 Nf6 3. Bf4 e6 4. e3 Bd6 5. Nf3 0-0 6. Bg3 c5 7. Be2 Nc6 8. 0-0 a6 9. a3 Qc7 10. dxc5 Bxg3 11. hxg3 Rd8 12. Na4 e5 13. Nb6 Rb8 14. b4 Be6 15. c3 Ne4 16. Qc2 f5 17. Bd3 h6 18. Rfd1 Bf7 19. Bxe4 fxe4 20. Nd2 Be6 21. c4 d4 22. Qxe4 Qf7 23. Qf3 Qg6 24. Nf1 Bg4 25. Qd5+ Rxd5 26. Nxd5 Bxd1 27. Rxd1 Qh5 28. exd4 Qxd1 29. dxe5 Nxe5 0-1

[Event "Titled Tuesday intern op 12th Mar Late"]
[Site "Chess.com INT"]
[Date "2024.03.12"]
[Round "6"]
[White "Kleiman, Jake"]
[Black "Goltseva, Ekaterina"]
[Result "1-0"]
[WhiteElo "2399"]
[BlackElo "2286"]
[PlyCount "111"]
[EventDate "2024.03.12"]
[EventType "swiss (blitz)"]
[EventRounds "11"]
[EventCountry "USA"]
[SourceTitle "CB12_2024"]
[SourceDate "2023.10.01"]
[SourceVersion "1"]
[SourceVersionDate "2023.10.01"]
[SourceQuality "1"]

1. e4 c5 2. c3 d5 3. exd5 Nf6 4. d4 Nxd5 5. Nf3 cxd4 6. Nxd4 e5 7. Nb5 Be6 8. Bc4 Nf4 9. Qxd8+ Kxd8 10. Bxe6 Nxe6 11. Be3 Bc5 12. Nd2 Nd7 13. Ne4 Bxe3 14. fxe3 Ke7 15. 0-0-0 Rhd8 16. Nbd6 Ndc5 17. Nf5+ Kf8 18. Nxc5 Nxc5 19. Kc2 g6 20. Nd6 Rd7 21. b4 Ne6 22. Nc4 Re7 23. Nxe5 Ng5 24. Rd5 h6 25. Rf1 Kg7 26. Rf4 Rae8 27. Nc4 a6 28. a4 Ne4 29. h4 h5 30. Kb3 Nf6 31. Rd6 Ne4 32. Rd4 Nf6 33. Nd6 Rb8 34. e4 Ng4 35. a5 Ne5 36. Nc4 Nc6 37. Rd5 Rbe8 38. Nd6 Rb8 39. g4 hxg4 40. Rxg4 Kf8 41. Rf4 Rd8 42. Kc4 Red7 43. Kc5 Ne7 44. Rxf7+ Kg8 45. Rf6 Nxd5 46. Kxd5 Rc7 47. c4 Kg7 48. e5 Re7 49. Re6 Red7 50. c5 Rc7 51. Re8 Rxe8 52. Nxe8+ Kf7 53. Nxc7 Ke7 54. e6 Kd8 55. Kd6 Kc8 56. e7 1-0

[Event "Moscow Aeroflot op-A"]
[Site "Moscow"]
[Date "2024.03.06"]
[Round "8"]
[White "Tsvetkov, Andrey1"]
[Black "Goltseva, Ekaterina"]
[Result "1/2-1/2"]
[WhiteElo "2424"]
[BlackElo "2286"]
[PlyCount "31"]
[EventDate "2024.03.03"]
[EventType "swiss"]
[EventRounds "9"]
[EventCountry "RUS"]
[SourceTitle "CB11_2024"]
[SourceDate "2024.03.13"]
[SourceVersion "1"]
[SourceVersionDate "2024.03.13"]
[SourceQuality "1"]

1. d4 Nf6 2. c4 e6 3. Nc3 d5 4. cxd5 exd5 5. Bg5 Bb4 6. e3 h6 7. Bh4 g5 8. Bg3 Ne4 9. Nge2 h5 10. h4 Bg4 11. Qb3 Nxg3 12. Nxg3 Nc6 13. Bd3 gxh4 14. Nge2 Bxe2 15. Bxe2 Qg5 16. Bf3 1/2-1/2

[Event "Swiss Queens Wed #4"]
[Site "FIDE Online Arena INT"]
[Date "2024.02.21"]
[Round "6"]
[White "Arabidze, Meri"]
[Black "Goltseva, Ekaterina"]
[Result "1-0"]
[WhiteElo "2461"]
[BlackElo "2329"]
[PlyCount "65"]
[EventDate "2024.02.21"]
[EventType "swiss (blitz)"]
[EventRounds "11"]
[EventCountry "NET"]
[SourceTitle "CB09_2024"]
[SourceDate "2024.02.28"]
[SourceVersion "1"]
[SourceVersionDate "2024.02.28"]
[SourceQuality "1"]

1. d4 d5 2. c4 e6 3. Nf3 Nf6 4. Nc3 dxc4 5. e3 a6 6. a4 b6 7. Bxc4 Bb7 8. 0-0 Bb4 9. Bd2 0-0 10. Qe2 Nbd7 11. Rfd1 c5 12. Be1 Qc7 13. d5 exd5 14. Nxd5 Nxd5 15. Bxd5 Bxe1 16. Qxe1 Bxd5 17. Rxd5 Nf6 18. Rd3 Rfd8 19. Qe2 Nd5 20. Rad1 Nb4 21. R3d2 h6 22. h4 Rxd2 23. Qxd2 Qc6 24. b3 b5 25. Ne5 Qe6 26. Nd7 Rd8 27. Nf6+ gxf6 28. Qxd8+ Kg7 29. axb5 axb5 30. Qb8 Qxb3 31. Rd8 Nc6 32. Qg3+ Kh7 33. Qg8# 1-0

[Event "Swiss Queens Wed #1"]
[Site "FIDE Online Arena INT"]
[Date "2024.01.31"]
[Round "5"]
[White "Aliaga Fernandez, Ingrid Yadira"]
[Black "Goltseva, Ekaterina"]
[Result "0-1"]
[WhiteElo "2147"]
[BlackElo "2329"]
[PlyCount "62"]
[EventDate "2024.01.31"]
[EventType "swiss (blitz)"]
[EventRounds "11"]
[EventCountry "NET"]
[SourceTitle "CB06_2024"]
[SourceDate "2024.02.07"]
[SourceVersion "1"]
[SourceVersionDate "2024.02.07"]
[SourceQuality "1"]

1. e4 c5 2. Nf3 Nf6 3. e5 Nd5 4. g3 Nc6 5. Bg2 g6 6. 0-0 Bg7 7. Qe2 Nc7 8. c3 0-0 9. d4 cxd4 10. cxd4 d6 11. Nc3 Bg4 12. Qe4 Bf5 13. Qe3 dxe5 14. dxe5 Nd5 15. Nxd5 Qxd5 16. Re1 Rad8 17. a3 Qb5 18. Bf1 Bd3 19. Bg2 Bc4 20. Qf4 Nxe5 21. a4 Nxf3+ 22. Bxf3 Qa6 23. Be3 e5 24. Qh4 Bd3 25. a5 e4 26. Bg2 f5 27. Rac1 Rc8 28. Qe7 Qxa5 29. Qxb7 Rb8 30. Qd7 Bxb2 31. Rc7 Qxe1+ 0-1

[Event "Swiss Queens Wed #1"]
[Site "FIDE Online Arena INT"]
[Date "2024.01.31"]
[Round "6"]
[White "Goltseva, Ekaterina"]
[Black "Kanyamarala, Trisha"]
[Result "1-0"]
[WhiteElo "2329"]
[BlackElo "2201"]
[PlyCount "101"]
[EventDate "2024.01.31"]
[EventType "swiss (blitz)"]
[EventRounds "11"]
[EventCountry "NET"]
[SourceTitle "CB06_2024"]
[SourceDate "2024.02.07"]
[SourceVersion "1"]
[SourceVersionDate "2024.02.07"]
[SourceQuality "1"]

1. d4 Nf6 2. c4 e6 3. Nc3 b6 4. a3 Bb7 5. d5 Be7 6. g3 0-0 7. Bg2 d6 8. Nh3 Nbd7 9. 0-0 e5 10. e4 a5 11. Be3 Ba6 12. b3 Nc5 13. Rb1 Ncd7 14. f4 exf4 15. gxf4 Ne8 16. Nf2 f5 17. Bd4 Bf6 18. Nb5 Bc8 19. Qd2 fxe4 20. Nxe4 Nc5 21. Ng5 h6 22. Ne6 Nxe6 23. dxe6 Bxe6 24. Bxf6 Nxf6 25. Bxa8 Qxa8 26. Nxc7 Qc8 27. Nxe6 Qxe6 28. Rbe1 Qg4+ 29. Qg2 Qd7 30. f5 Qc7 31. Kh1 Rf7 32. Re6 Qc5 33. Qg6 Qc6+ 34. Qg2 Qc5 35. Qb2 Qc6+ 36. Kg1 Qc5+ 37. Qf2 Qc6 38. Rd1 Ne4 39. Qd4 Ng5 40. Qd5 Qc8 41. Rxd6 Nh3+ 42. Kh1 Nf2+ 43. Kg2 Nxd1 44. Rd8+ Kh7 45. Rxc8 Ne3+ 46. Kf3 Nxd5 47. cxd5 Rxf5+ 48. Ke4 Rf1 49. Rb8 Re1+ 50. Kd4 Rd1+ 51. Ke5 1-0

[Event "Swiss Queens Wed #1"]
[Site "FIDE Online Arena INT"]
[Date "2024.01.31"]
[Round "9"]
[White "Goltseva, Ekaterina"]
[Black "Shanmathi Sree, S."]
[Result "1/2-1/2"]
[WhiteElo "2329"]
[BlackElo "1527"]
[PlyCount "123"]
[EventDate "2024.01.31"]
[EventType "swiss (blitz)"]
[EventRounds "11"]
[EventCountry "NET"]
[SourceTitle "CB06_2024"]
[SourceDate "2024.02.07"]
[SourceVersion "1"]
[SourceVersionDate "2024.02.07"]
[SourceQuality "1"]

1. d4 Nf6 2. c4 g6 3. Nc3 Bg7 4. e4 d6 5. Nge2 0-0 6. Ng3 e5 7. d5 Nbd7 8. Be2 Re8 9. h4 h5 10. Bg5 Nf8 11. Qd2 N8h7 12. Bh6 Bd7 13. Bxg7 Kxg7 14. Nf1 a6 15. b4 b5 16. c5 dxc5 17. bxc5 b4 18. Nd1 Nxe4 19. Qe3 Nef6 20. Bc4 Bb5 21. Bxb5 axb5 22. d6 cxd6 23. cxd6 Qxd6 24. Ng3 Qc6 25. 0-0 Ra3 26. Qd2 Qb6 27. Ne3 b3 28. axb3 Rxb3 29. Rab1 Rxb1 30. Rxb1 Rd8 31. Rxb5 Qxb5 32. Qxd8 Qb1+ 33. Ngf1 Ng4 34. Qd5 Nhf6 35. Qf3 Nxe3 36. Qxe3 Qe4 37. Qg3 Qg4 38. Qxe5 Qxh4 39. Ne3 Qe4 40. Qc3 Qb1+ 41. Kh2 Qb8+ 42. g3 Qd6 43. Kg2 Kh7 44. Qc4 Qe6 45. Qd4 Qe4+ 46. Qxe4 Nxe4 47. Kf3 Nd6 48. Kf4 Kg7 49. Ke5 Nb5 50. Nd5 Na3 51. Kd4 Nc2+ 52. Kd3 Ne1+ 53. Ke2 Nc2 54. Kd3 Na3 55. Nc3 g5 56. Ke4 Nc4 57. Kf5 g4 58. Kg5 Ne5 59. Kxh5 f5 60. Kg5 Nd3 61. Kxf5 Nxf2 62. Kf4 1/2-1/2